[Event "Nichelino op"]
[Site "Nichelino"]
[Date "2008.10.03"]
[Round "2"]
[White "Gallucci, Alessio"]
[Black "Marguati, Massimiano"]
[Result "1-0"]
[WhiteElo "2197"]
[BlackElo "2004"]
[PlyCount "91"]
[EventDate "2008.10.02"]
[EventType "swiss"]
[EventRounds "6"]
[EventCountry "ITA"]
[SourceTitle "CBM 126 Extra"]
[Source "ChessBase"]
[SourceDate "2008.11.05"]
[SourceVersion "1"]
[SourceVersionDate "2008.11.05"]
[SourceQuality "1"]

1. e4 e6 2. d4 d5 3. Nc3 Bb4 4. e5 c5 5. a3 Ba5 6. b4 cxd4 7. Nb5 Bc7 8. Nf3 Nc6 9. Nxc7+ Qxc7 10. Bb5 Bd7 11. Bxc6 Bxc6 12. 0-0 Ne7 13. Re1 a5 14. Bg5 axb4 15. axb4 Rxa1 16. Qxa1 0-0 17. Nxd4 Rc8 18. Qc3 Ng6 19. h4 Nf8 20. Qg3 Kh8 21. h5 h6 22. Bd2 Ba4 23. c3 Qc4 24. Kh2 Qa2 25. Re2 Qb1 26. Re1 Qb2 27. Re2 Qb1 28. f4 Qd1 29. Qh3 Bc2 30. Qe3 Be4 31. Nb5 Ra8 32. Nd6 Ra1 33. Kg3 Qh1 34. Nxe4 dxe4 35. Qxe4 Qxh5 36. Qf3 Qg6+ 37. Kf2 Rh1 38. Qxb7 Qh5 39. Qf3 Qh4+ 40. Ke3 Qd8 41. Qe4 Ng6 42. g3 Ne7 43. Qxh1 Nf5+ 44. Kf2 Qd3 45. Qa8+ Kh7 46. Qf3 1-0